00514nam a2200169 a 4500008004100000020001500041050001800056100002200074245007100096260003800167300001900205350000900224490002900233500001700262650003900279650002600318120416s1972 ||||||||||||||||| || u a047134558X aQD 181.P1 Ana aHalmann, Martin M10aAnalytical chemistry of phospherus compoundscedited by M. Halmann aNew YorkbJohn Wiley & Sonsc1972 ax, 850 p. ill. a0.00 aChemical analysis, v. 37 aBibliography 0aCHEMISTRY--HANDBOOKS, MANUALS, ETC aPhosphorus - Analysis